00310nam a2200145Ia 4500008004100000041000800041082000800049100002100057245002800078250000800106260001700114300001000131542001500141650000800156220531s9999 xx 000 0 und d aeng bCHA aChaudhari, P. N. aElements Of Company Law a1ST bNiralic2008 a10.41 d09-09-2009 alaw